Les aspects financiers de l'education en Côte-d'Ivoire / (Record no. 4832)

MARC details
000 -CABECERA
campo de control de longitud fija 00655nam a2200193 a 4500
005 - FECHA Y HORA DE LA ÚLTIMA TRANSACCIÓN
campo de control 20250109063814.0
008 - ELEMENTOS DE LONGITUD FIJA--INFORMACIÓN GENERAL
campo de control de longitud fija 991125s1966 fr 000 0 fre u
035 ## - NÚMERO DE CONTROL DEL SISTEMA
Número de control de sistema UPN01000004832
049 ## - COLECCIÓN
Colección UNE
050 #4 - SIGNATURA TOPOGRÁFICA DE LA BIBLIOTECA DEL CONGRESO
Número de clasificación LA2090
Número de documento/Ítem H3.2
100 1# - ASIENTO PRINCIPAL--NOMBRE PERSONAL
Nombre de persona Hallak, Jacques,
Fechas asociadas al nombre 1937-
9 (RLIN) 28384
245 14 - MENCIÓN DE TÍTULO
Título Les aspects financiers de l'education en Côte-d'Ivoire /
Mención de responsabilidad, etc. Jacques Hallak, Raymond Poignant.
260 ## - PUBLICACIÓN, DISTRIBUCIÓN, ETC.
Lugar de publicación, distribución, etc. París :
Nombre del editor, distribuidor, etc. UNESCO, Institut International de Planification de l'Education,
Fecha de publicación, distribución, etc. 1966.
300 ## - DESCRIPCIÓN FÍSICA
Extensión 44 p.
440 #0 - MENCIÓN DE SERIE/ASIENTO SECUNDARIO--TÍTULO
Título Monographies africaines ;
Designación de volumen o secuencia 8
650 #4 - ASIENTO SECUNDARIO DE MATERIA - TERMINO TEMATICO
Término de materia o nombre geográfico como elemento de entrada Educación
Subdivisión geográfica África
9 (RLIN) 687
700 1# - ASIENTO SECUNDARIO--NOMBRE DE PERSONAL
Nombre de persona Poignant, Raymond,
Fechas asociadas al nombre 1917-
Término indicativo de función/relación coaut.
9 (RLIN) 29866
905 ## - TIPO DE MATERIAL
Tipo de material Libro
Holdings
Estado de retiro Estado de pérdida Fuente del sistema de clasificación o colocación Estado dañado No para préstamo Código de colección Localización permanente Ubicación/localización actual Ubicación en estantería Fecha de adquisición Total de préstamos Clasificación Código de barras Fecha visto por última vez Número de copia Tipo de ítem Koha
    Library of Congress Classification   Disponible (Préstamo en sala) UNESCO Bib. Gregorio Torres Quintero Bib. Gregorio Torres Quintero Colecciones especiales Planta alta 03/02/2023 1 LA2090 H3.2 5111F 31/12/2020 1 Libro